Programe juegos con HTML5

Saved in:
書目詳細資料
主要作者: Arce Anguiano, Francisco Javier (Author)
格式: 圖書
語言:西班牙语
出版: Ciudad de México Alfaomega 2014
版:1a. ed
主題:
標簽: 添加標簽
沒有標簽, 成為第一個標記此記錄!

MARC

LEADER 00000cam a2200000 a 4500
001 UCD6270
003 CL-VaPUC
008 161124e20141000mx |||||||||||||||||spa|d
020 |a 9786076222096 
082 0 4 |a 004.6  |b ARC  |2 21 
100 0 |a Arce Anguiano, Francisco Javier  |e author  |9 590033 
245 1 0 |a Programe juegos con HTML5 
250 |a 1a. ed 
300 |a 292 p 
942 |c BK 
945 |d 20161124 22:47:00  |a arojas 
260 |a Ciudad de México  |b Alfaomega  |c 2014 
500 |a Apoyo en la web 
650 7 |a HTML  |2 CL-VaPUC  |9 434108 
650 0 |a Juegos   |9 243060 
650 0 |a Programación   |9 259316 
583 |a last modification  |c 20161124 22:47:00  |k Rodrigo Vera 
999 |c 366627  |d 366625 
952 |0 0  |1 0  |2 ddc  |3 erb  |4 0  |6 004_600000000000000_ARC_2014  |7 0  |8 A  |9 481042  |a BIBING  |b BIBING  |c RES  |i 5351405  |o 004.6 ARC 2014  |p 5351405  |r 2024-01-25  |w 2019-11-24  |y BK  |z Catalogado en:20161124  |k CCI 
952 |0 0  |1 0  |2 ddc  |3 erb  |4 0  |6 004_600000000000000_ARC_2014  |7 0  |8 A  |9 481043  |a BIBING  |b BIBING  |c RES  |i 5351413  |o 004.6 ARC 2014  |p 5351413  |r 2025-01-20  |w 2019-11-24  |y BK  |z Catalogado en:20161124  |k CCI 
952 |0 0  |1 0  |2 ddc  |3 erb  |4 0  |6 004_600000000000000_ARC_2014  |7 0  |8 A  |9 481044  |a BIBING  |b BIBING  |c RES  |i 5351421  |o 004.6 ARC 2014  |p 5351421  |r 2025-01-20  |w 2019-11-24  |y BK  |z Catalogado en:20161124  |k CCI 
952 |0 0  |1 0  |2 ddc  |3 erb  |4 0  |6 004_600000000000000_ARC_2014  |7 0  |8 A  |9 481045  |a BIBING  |b BIBING  |c RES  |i 535143K  |o 004.6 ARC 2014  |p 535143K  |r 2025-01-20  |w 2019-11-24  |y BK  |z Catalogado en:20161124  |k CCI 
952 |0 0  |1 0  |2 ddc  |3 erb  |4 0  |6 004_600000000000000_ARC_2014  |7 0  |8 A  |9 481046  |a BIBING  |b BIBING  |c RES  |i 5351448  |o 004.6 ARC 2014  |p 5351448  |r 2025-01-20  |w 2019-11-24  |y BK  |z Catalogado en:20161124  |k CCI